000
00228nam a22000977a 4500
022
_a
2319-7250
245
_a
INDIAN JOURNAL OF PAEDIATRIC DERMATOLOGY
260
_a
INDIA
_b
WOLTER KLUWER
_c
2015
310
_a
QUATERLY
942
_2
ddc
_c
LJ
999
_c
6544
_d
6544